Barcelona Squad 25/26 - Statistics

General Stats
  • This quiz has been taken 292 times
  • The average score is 20 of 23
Answer Stats
# Nation Former Club Answer % Correct
1 Germany Gladbach Marc-Andre Ter Stegen
98%
8 Spain Las Palmas Pedri
98%
10 Spain Youth Lamine Yamal
97%
9 Poland Bayern Robert Lewandowski
97%
6 Spain Youth Gavi
94%
14 England Man United Marcus Rashford
94%
5 Spain Youth Pau Cubarsi
94%
11 Brazil Leeds United Raphinha
94%
4 Uruguay Boston River Ronald Araujo
94%
23 France Sevilla Jules Kounde
93%
21 Netherlands Ajax Frenkie de Jong
92%
13 Spain Espanyol Joan Garcia
90%
24 Spain Man City Eric Garcia
88%
7 Spain Man City Ferran Torres
88%
3 Spain Youth Alejandro Balde
87%
15 Denmark Chelsea Andreas Christensen
87%
20 Spain Leipzig Dani Olmo
86%
16 Spain Youth Fermin Lopez
78%
25 Poland Juventus Wojciech Szczesny
67%
18 Spain Youth Gerard Martin
66%
17 Spain Youth Marc Casado
66%
22 Spain Youth Marc Bernal
57%
28 Sweden Copenhagen Roony Bardghji
50%
No matching quizzes found
Score Distribution
Percent of People with Each Score
Percentile by Number Answered
Your Score History
You have not taken this quiz